La Industria petrolera en México (Record no. 115889)

MARC details
000 -LEADER
fixed length control field nam a22 7a 4500
005 - DATE AND TIME OF LATEST TRANSACTION
control field 20170914123137.0
008 - FIXED-LENGTH DATA ELEMENTS--GENERAL INFORMATION
fixed length control field 170914b mx ||||| |||| 00| 0 spa d
050 04 - LIBRARY OF CONGRESS CALL NUMBER
Classification number HD9574.M6
Item number I53 1980
245 03 - TITLE STATEMENT
Title La Industria petrolera en México
Statement of responsibility, etc / Petroleos mexicanos.
250 ## - EDITION STATEMENT
Edition statement 1a ed.
260 ## - PUBLICATION, DISTRIBUTION, ETC. (IMPRINT)
Place of publication, distribution, etc México :
Name of publisher, distributor, etc Secretaría de Programación y Presupuesto
260 ## - PUBLICATION, DISTRIBUTION, ETC. (IMPRINT)
Name of publisher, distributor, etc Coordinación General de los Servicios Nacionales de Estadística Geografía e Informática,
Date of publication, distribution, etc 1980.
300 ## - PHYSICAL DESCRIPTION
Extent 560 p. :
Other physical details il. ;
Dimensions 23 cm.
504 ## - BIBLIOGRAPHY, ETC. NOTE
Bibliography, etc Incluye índices
650 #7 - SUBJECT ADDED ENTRY--TOPICAL TERM
Source of heading or term lemb
Topical term or geographic name as entry element Industria del petroleo
Geographic subdivision México
710 2# - ADDED ENTRY--CORPORATE NAME
Corporate name or jurisdiction name as entry element Petroleos mexicanos.
942 ## - ADDED ENTRY ELEMENTS (KOHA)
Source of classification or shelving scheme Biblioteca del Cogreso de los Estados Unidos
Koha item type Libro
Holdings
Estado de pérdida Fuente de clasificación Estado del daño No para préstamo Ubicación permanente Ubicación actual Apartado o colección Fecha de adquisición Edición Dependencia de educación superior (DES) Área del conocimiento Clasificación Código de Barras Date last seen Número de copia Tipo de recurso
  Biblioteca del Cogreso de los Estados Unidos     Biblioteca de la Facultad de Arquitectura Biblioteca de la Facultad de Arquitectura General 14/09/2017 1a ed. Ingeniería y Arquitectura Ciencias Sociales y Administrativas HD9574.M6 I53 1980 BFA000002635 14/09/2017 1 Libro